Redwall Books - Statistics

General Stats
  • This quiz has been taken 73 times
  • The average score is 15 of 22
Answer Stats
Hint Answer % Correct
9 Redwall
100%
2 Martin the Warrior
90%
3 Mossflower
84%
8 Salamandastron
82%
10 Mattimeo
80%
12 The Long Patrol
80%
5 Outcast of Redwall
76%
4 The Legend of Luke
76%
6 Mariel of Redwall
74%
7 The Bellmaker
72%
11 The Pearls of Lutra
72%
14 The Taggerung
72%
1 Lord Brocktree
68%
13 Marlfox
64%
15 Triss
62%
19 Eulalia!
60%
18 High Rhulain
58%
21 The Sable Quean
58%
20 Doomwyte
56%
22 The Rogue Crew
54%
16 Loamhedge
52%
17 Rakkety Tam
52%
No matching quizzes found
Score Distribution
Percent of People with Each Score
Percentile by Number Answered
Your Score History
You have not taken this quiz